Optimális és közel-optimális online és félig online algoritmusok ütemezési feladatokra

Elmentve itt :
Bibliográfiai részletek
Szerző: Dósa György
További közreműködők: Vízvári Béla (Témavezető)
Dokumentumtípus: Disszertáció
Megjelent: 2008-06-27
Tárgyszavak:
mtmt:2957451
Online Access:http://doktori.ek.szte.hu/1182
LEADER 01324nta a2200253 i 4500
001 dokt1182
005 20221013152932.0
008 111113s2008 hu om 0|| hun d
024 7 |a 2957451  |2 mtmt 
040 |a SZTE Doktori Repozitórium  |b hun 
041 |a hun 
100 1 |a Dósa György 
245 1 0 |a Optimális és közel-optimális online és félig online algoritmusok ütemezési feladatokra  |h [elektronikus dokumentum] /  |c  Dósa György 
246 1 0 |a Optimal and nearly optimal online and semi-online algorithms for some scheduling problems  |h [elektronikus dokumentum] 
260 |c 2008-06-27 
502 |a Disszertacio 
650 4 |a matematika- és számítástudományok 
700 1 |a Vízvári Béla  |e ths 
856 4 0 |u https://doktori.bibl.u-szeged.hu/id/eprint/1182/25/2007_dosa_gyorgy.pdf  |z Dokumentum-elérés  
856 4 0 |u https://doktori.bibl.u-szeged.hu/id/eprint/1182/2/5tezisek.pdf  |z Dokumentum-elérés  
856 4 0 |u https://doktori.bibl.u-szeged.hu/id/eprint/1182/3/6thesis.pdf  |z Dokumentum-elérés  
856 4 0 |u https://doktori.bibl.u-szeged.hu/id/eprint/1182/5/3osszgzes.pdf  |z Dokumentum-elérés  
856 4 0 |u https://doktori.bibl.u-szeged.hu/id/eprint/1182/6/4abstract.pdf  |z Dokumentum-elérés  
856 4 0 |u https://doktori.bibl.u-szeged.hu/id/eprint/1182/19/2007_dosa_gyorgy_birl.pdf  |z Dokumentum-elérés